000 00764nam a22002297a 4500
005 20230330095159.0
008 230330b ||||| |||| 00| 0 eng d
020 _a9781032023458
040 _cAIMIT LIBRARY
082 _21
_a155.9042
_bMUNP
100 _aMund, Pallabi.
_979922
245 _aCulture and resilience at work :
_bStudy of stress and hardiness among Indian corporate professionals /
_cBy Pallabi Mund.
250 _a1st ed.
260 _aLondon :
_bRoutledge ,
_c2022.
300 _axv,121p.;
_bHB
_c23cm.
650 _2Theoretical roots of hardiness
650 _2Purpose of the study
650 _2Research methodology
650 _2Literature review
650 _2Data analysis and interpretation
942 _2ddc
_cBK
_e1st
_k155.9042 MUNP
999 _c227102
_d227102